Analysis of Throughput Distribution in IEEE 802-16 Distributed Scheduling / (Record no. 566272)

000 -LEADER
fixed length control field 00562nam a22001697a 4500
020 ## - INTERNATIONAL STANDARD BOOK NUMBER
Qualifying information Hard Cover
082 ## - DEWEY DECIMAL CLASSIFICATION NUMBER
Classification number MS-IT-9
100 ## - MAIN ENTRY--PERSONAL NAME
Personal name Madiha Wahid
245 ## - TITLE STATEMENT
Title Analysis of Throughput Distribution in IEEE 802-16 Distributed Scheduling /
Statement of responsibility, etc. Madiha Wahid
260 ## - PUBLICATION, DISTRIBUTION, ETC.
Place of publication, distribution, etc. Islamabad
Name of publisher, distributor, etc. SEECS-NUST
Date of publication, distribution, etc. 2012
300 ## - PHYSICAL DESCRIPTION
Extent 41 p.
Dimensions 30cm.
650 ## - SUBJECT ADDED ENTRY--TOPICAL TERM
Topical term or geographic name entry element MS Information Technology
700 ## - ADDED ENTRY--PERSONAL NAME
Personal name Dr. Amjum Naveed.
856 ## - Uniform Resource Identifier
Uniform Resource Identifier <a href="http://10.250.8.41:8080/xmlui/handle/123456789/10202">http://10.250.8.41:8080/xmlui/handle/123456789/10202</a>
942 ## - ADDED ENTRY ELEMENTS (KOHA)
Source of classification or shelving scheme
Koha item type Thesis
650 ## - SUBJECT ADDED ENTRY--TOPICAL TERM
-- 26924
700 ## - ADDED ENTRY--PERSONAL NAME
-- 55418
Holdings
Withdrawn status Lost status Source of classification or shelving scheme Damaged status Not for loan Permanent Location Current Location Shelving location Date acquired Full call number Barcode Date last seen Price effective from Koha item type
          Central Library (CL) Central Library (CL) Thesis 06/18/2021 MS-IT-9 SEECSP01235 06/18/2021 06/18/2021 Thesis
© 2023 Central Library, National University of Sciences and Technology. All Rights Reserved.